LEADER 01231nam a2200241 i 4500 001 000000061418 003 CaOOAMICUS 005 20090812000000.0 008 090812s1972 xx u000 u fre u 013 $a32590 040 $aSeMil$bita 100 1 $aCoffy, Robert .$0(OLS)http://semarc/name/3380 245 10$aÉglise :$bsigne de salut au milieu des hommes : Église-Sacrement, rapports présentés à l'Assemblée plénière de l'Episcopat français, Lourdes 1971 /$cRobert Coffy ; Roger Varro. 260 $aParis :$bLe Centurion,$ccopyr. 1972. 300 $a91 p. ;$c22 cm. 650 4$aEcclesiologia.$0(OLS)http://semarc/subject/42996 650 4$aChiesa - Francia.$0(OLS)http://semarc/subject/1542 700 1 $aVarro, Roger <1931- >.$0(OLS)http://semarc/name/22510 850 $aSeMil 852 $aSeMil$W1$xVenegono$y1$m2A IV 152$j27571$B27571$CSeMilBibl$Z2$F27574 $81 961 $aOmaggio: Oggioni don Costantino 996 $6245$aÉglise :$bsigne de salut au milieu des hommes : Église-Sacrement, rapports présentés à l'Assemblée plénière de l'Episcopat français, Lourdes 1971$9(OLS)http://semarc/title/96492 996 $6260$aParis :$bLe Centurion$9(OLS)http://semarc/publisher/32052 LEADER 00660nam a2200181 i 4500 001 000000078343 003 CaOOAMICUS 005 20170206000000.0 008 170206s1824 it u000 u ita u 013 $a50580 026 $ai.te a.o- a.ti sidi (3) 1824 (A) 040 $aSeMil$bita 245 10$aTomo 1. 300 $a352, [2] p., [2] c. di tav. :$bill. 773 0 $aVerri, Pietro <1728-1797>$tStoria di Milano del conte Pietro Verri. Tomo 1. [-4.].$dMilano : Presso gli Editori, 1824-1825$g1$w()28418 850 $aSeMil 852 $aSeMil$W1$xVenegono$y1$m3O IV 1 FA$j44283$B44283$CSeMilBibl$Z2$F45939 $8I 996 $6245$aTomo 1$9(OLS)http://semarc/title/46685